الوطنية الأليفة : (Record no. 8208)
[ view plain ]
| 000 -الفاتح | |
|---|---|
| حقل البيانات ثابتة الطول | 00720nac a22001691u 4500 |
| 008 - عناصر البيانات ثابتة الطول - معلومات عامة | |
| حقل البيانات ثابتة الطول | 090318s2007 xxu||||| |||| 00| 0 ara d |
| 020 ## - الرقم الدولى المعيارى للكتب | |
| الرقم الدولى المعيارى للكتاب | 9771804979 |
| 082 ## - رقم تصنيف ديوى العشرى | |
| رقم التصنيف | 329.962 |
| رقم المادة | ب ر غ |
| 100 1# - المدخل الرئيسى - إسم شخصى | |
| الإسم الشخصى | البرغوثى ، تميم |
| 9 (RLIN) | 20292 |
| 245 ## - بيان العنوان | |
| العنوان | الوطنية الأليفة : |
| بقية العنوان | الوفد وبناء الدولة الوطنية فى ظل الاستعمار / |
| بيان المسئوليه,etc | تميم البرغوثى |
| 260 ## - PUBLICATION, DISTRIBUTION, ETC. (IMPRINT) | |
| مكان الناشر او الموزع | القاهرة : |
| اسم الناشر او الموزع | مطبعة دار الكتب والوثائق القومية ،2007 |
| تاريخ النشر أو التوزيع | 2007. |
| 300 ## - الوصف المادى | |
| التعداد | 250 ص ؛ |
| أبعاد الوعاء | 24 سم. |
| 504 ## - تبصرة ببليوجرافية | |
| تبصرة ببليوجرافية,الخ | يشتمل على ببليوجرافية ص 241-250 |
| 511 ## - | |
| -- | Catalogued by: Sara |
| 651 ## - المدخل الاضافى بالموضوع - اسم جغرافى | |
| 9 (RLIN) | 11371 |
| الاسم الجغرافي | مصر. حزب الأحرار |
| 942 ## - عناصر المدخل الإضافي( كوها) | |
| Koha [default] item type | Book - Borrowing |
| سابقة رقم الطلب | 329.962 ب ر غ |
| مصدر التصنيف او مخطط الترفيف | Dewey Decimal Classification |
| حالة التراجع | حالة الفقد | مصدر التصنيف او خطة الترفيف | حالة تلف | ليس للاعارة | مجموعات كوها | المكان الدائم | المكان الحالي | موقع الترفيف | تاريخ الاكتساب | Source of acquisition | رقم الاستدعاء | الباركود | Date last seen | مُعار | التكلفة | نوع الوعاء |
|---|---|---|---|---|---|---|---|---|---|---|---|---|---|---|---|---|
| Dewey Decimal Classification | Central Library | Central Library | First floor | 09/01/2011 | 329.962 ب ر غ | 000010090 | 15/07/2025 | 24/11/2013 | 13.25 | Book - Borrowing |